A coin tossing algorithm for counting large numbers of events

Podrobná bibliografia
Hlavní autori: Kirschenhofer, Peter (Autor), Prodinger, Helmut (Autor)
Médium: Článok
Jazyk:slovenčina
angličtina
Fyzický popis:Sch. 1, lit. 9 zázn. v angl., nem.
ISSN:0139-9918
Predmet:

MARC

LEADER 00000nab a2200000 a 4500
001 vtls000505507
003 SK-MaSNL
005 20260304090420.0
008 250425c1992 xo 0 slo
015 |a SNBRB19rr/mm-uuuuu 
035 |a CL0505645 
035 |a urn:nbn:sk:snk-abbo1v 
035 |a (urnnbn)urn:nbn:sk:snk:ar-006lfd 
035 |a (uuid)e4c3c6a3-6c79-415f-979f-913ee1a16cad 
040 |a SNKBUCL  |b slo  |c SNKBUCL  |e AACR2 
041 0 |a eng 
044 |a xo  |c SK 
080 |a 511.3:510.5:519.21:519.713  |2 1981 
080 |a 510.5  |2 1981 
080 |a 519.21  |2 1981 
080 |a 519.713  |2 1981 
100 1 |a Kirschenhofer, Peter  |4 aut  |9 1381414 
245 1 0 |a A coin tossing algorithm for counting large numbers of events  |c Peter Kirschenhofer, Helmut Prodinger 
300 |b Sch. 1, lit. 9 zázn. v angl., nem. 
650 0 7 |a čísla  |2 SNKPH  |9 57358 
650 0 7 |a pravdepodobnostné algoritmy  |2 SNK  |9 1381415 
650 0 7 |a matematické automaty  |2 SNK  |9 1381416 
655 7 |a články z novín a časopisov  |2 SNK  |9 267496 
700 1 |a Prodinger, Helmut  |4 aut  |9 1171517 
773 0 |t Mathematica slovaca  |g Roč. 42, č. 5 (1992), s. 531-545  |x 0139-9918 
850 |a Slovenská národná knižnica 
852 |a Slovenská národná knižnica 
958 |a article15 
958 |a OND 
958 |a NB 
958 |a RK 
958 |a AT 
958 |a EUIPO 
992 |a RBX 
999 |c 2811385  |d 2813315